Francisco de Quevedo / (Registro nro. 11715)
[ vista simple ]
| 000 -LIDER | |
|---|---|
| fixed length control field | 00740nam a2200229 4500 |
| 003 - IDENTIFICACDOR DE NÚMERO DE CONTROL | |
| control field | DO-SdBPM |
| 005 - DATE AND TIME OF LATEST TRANSACTION | |
| control field | 20250604093228.0 |
| 008 - ELEMENTOS DE LONGITUD FIJA | |
| fixed length control field | 161028b1981 sp ||| 00| 0 spa d |
| 020 ## - ISBN | |
| International Standard Book Number | 8430512195 |
| 040 ## - FUENTE DE CATALOGACIÓN | |
| Agencia que crea de manera original el registro | DO-SdBPM |
| Idioma de catalogación | spa |
| Agencia que realiza la transcripción | BPMSU |
| 082 #4 - NÚMERO DE CLASIFICACIÓN DECIMAL DE DEWEY | |
| Classification number | 928.67 |
| Item number | Q5h 1981 |
| Edition number | 22 |
| 100 1# - ASIENTO PRINCIPAL -- NOMBRE PERSONAL | |
| Nombre personal | Herrera, Juan Ignacio |
| 245 10 - MENCIÓN DE TITULO | |
| Título | Francisco de Quevedo / |
| Mención de responsabilidad | Juan Ignacio Herrera ; ilustraciones Danato Lobo |
| 260 ## - PUBLICACIÓN, DISTRIBUCIÓN, ETC. (PIE DE IMPRENTA) | |
| Lugar de publicación, distribución, etc | Barcelona : |
| Nombre del editor, distribuidor, etc. | Susaeta Ediciones , |
| Fecha de publicación, distribución, etc | 1981 |
| 300 ## - DESCRIPCIÓN FÍSICA | |
| Extensión | 98 p. ; |
| Dimensiones | 21 cm |
| 490 0# - MENCIÓN DE SERIES | |
| Mención de serie | Vidas ilustres, |
| Volume/sequential designation | 21 |
| 590 ## - NOTA LOCAL | |
| Texto de la nota local | Inventariado, 2025/VM |
| 600 14 - ENCABEZAMIENTO DE MATERIA--NOMBRE PERSONAL | |
| Nombre personal | Quevedo y Villegas, Francisco Gómez de, |
| Fechas asociadas con el nombre | 1580-1645. |
| 700 1# - ASIENTO SECUNDARIO -- NOMBRE PERSONAL | |
| Nombre personal | Lobo, Danato |
| Mención de responsabilidad | ilustraciones |
| 910 ## - VALIDACIÓN | |
| Validación | VMateo V. Control de calidad. BPMSU |
| 942 ## - ADDED ENTRY ELEMENTS (KOHA) | |
| Source of classification or shelving scheme | Dewey Decimal Classification |
| Koha item type | Libros |
| Withdrawn status | Lost status | Source of classification or shelving scheme | Damaged status | Not for loan | Collection code | Home library | Current library | Date acquired | Source of acquisition | Total Checkouts | Full call number | Barcode | Date last seen | Price effective from | Koha item type |
|---|---|---|---|---|---|---|---|---|---|---|---|---|---|---|---|
| Dewey Decimal Classification | Colección General | Biblioteca Pública Metropolitana Salomé Ureña | Biblioteca Pública Metropolitana Salomé Ureña | 10/28/2016 | Donado | BPMSU CG 928.67 Q5h 1981 | BPMSU16100421 | 10/28/2016 | 10/28/2016 | Libros |